000
00312nam a22001337a 4500
008
180214b xxu||||| |||| 00| 0 eng d
020
_a
9780619015299
041
_a
eng
080
_a
004
100
_a
35
101
_a
shk
245
_a
data communications and computer network
_c
curt.m.w
942
_2
udc
_c
BK
999
_c
42500
_d
42500